<?xml version="1.0" encoding="UTF-8"?>
<record
    xmlns:xsi="http://www.w3.org/2001/XMLSchema-instance"
    xsi:schemaLocation="http://www.loc.gov/MARC21/slim http://www.loc.gov/standards/marcxml/schema/MARC21slim.xsd"
    xmlns="http://www.loc.gov/MARC21/slim">

  <leader>01356nam a22002537a 4500</leader>
  <controlfield tag="005">20180228114120.0</controlfield>
  <datafield tag="010" ind1=" " ind2=" ">
    <subfield code="a">B-533185-186     HIN-105382    B-668665</subfield>
  </datafield>
  <datafield tag="020" ind1=" " ind2=" ">
    <subfield code="a">9788177211795</subfield>
    <subfield code="c">200.00</subfield>
  </datafield>
  <datafield tag="020" ind1=" " ind2=" ">
    <subfield code="a">9788177211795</subfield>
    <subfield code="c">250.00(&#x905;.&#x935;&#x93F;.)</subfield>
  </datafield>
  <datafield tag="035" ind1=" " ind2=" ">
    <subfield code="a">B-533185-186    HN-77728</subfield>
  </datafield>
  <datafield tag="035" ind1=" " ind2=" ">
    <subfield code="a">B-668665</subfield>
  </datafield>
  <datafield tag="037" ind1=" " ind2=" ">
    <subfield code="a">DPL/Ocean</subfield>
  </datafield>
  <datafield tag="037" ind1=" " ind2=" ">
    <subfield code="b">DBAD/Pub.</subfield>
  </datafield>
  <datafield tag="082" ind1=" " ind2=" ">
    <subfield code="a">920</subfield>
  </datafield>
  <datafield tag="100" ind1=" " ind2=" ">
    <subfield code="a">&#x92D;&#x932;&#x94D;&#x932;&#x93E;, &#x92A;&#x94D;&#x930;&#x935;&#x940;&#x923; </subfield>
  </datafield>
  <datafield tag="245" ind1=" " ind2=" ">
    <subfield code="a">&#x92E;&#x93E;&#x928;&#x935;&#x938;&#x947;&#x935;&#x940; &#x90F;&#x928;&#x940; &#x92C;&#x947;&#x938;&#x947;&#x902;&#x91F;/</subfield>
    <subfield code="c">&#x92A;&#x94D;&#x930;&#x935;&#x940;&#x923; &#x92D;&#x932;&#x94D;&#x932;&#x93E;</subfield>
  </datafield>
  <datafield tag="246" ind1=" " ind2=" ">
    <subfield code="a">Manavsevi Annie Besant</subfield>
    <subfield code="b">by Parveen Bhalla</subfield>
  </datafield>
  <datafield tag="260" ind1=" " ind2=" ">
    <subfield code="a">&#x926;&#x93F;&#x932;&#x94D;&#x932;&#x940; </subfield>
    <subfield code="b">&#x938;&#x924;&#x94D;&#x938;&#x93E;&#x939;&#x93F;&#x924;&#x94D;&#x92F; &#x92A;&#x94D;&#x930;&#x915;&#x93E;&#x936;&#x928; </subfield>
    <subfield code="c">2013</subfield>
    <subfield code="c">2017(&#x905;.&#x935;&#x93F;.)</subfield>
  </datafield>
  <datafield tag="270" ind1=" " ind2=" ">
    <subfield code="a">205-&#x92C;&#x940;  &#x91A;&#x93E;&#x935;&#x921;&#x940; &#x92C;&#x93E;&#x91C;&#x93C;&#x93E;&#x930; </subfield>
    <subfield code="b">&#x926;&#x93F;&#x932;&#x94D;&#x932;&#x940; </subfield>
    <subfield code="e">110006 </subfield>
  </datafield>
  <datafield tag="300" ind1=" " ind2=" ">
    <subfield code="a">150 &#x92A;&#x943;.</subfield>
    <subfield code="c">21 &#x938;&#x947;.&#x92E;&#x940;.(&#x938;&#x91C;&#x93F;&#x932;&#x94D;&#x926;)</subfield>
  </datafield>
  <datafield tag="942" ind1=" " ind2=" ">
    <subfield code="2">ddc</subfield>
    <subfield code="c">HN</subfield>
    <subfield code="m">&#x92D;&#x932;&#x94D;&#x932;&#x93E;&#x92A;&#x94D;&#x930;</subfield>
    <subfield code="h">920</subfield>
  </datafield>
  <datafield tag="999" ind1=" " ind2=" ">
    <subfield code="c">84568</subfield>
    <subfield code="d">84568</subfield>
  </datafield>
  <datafield tag="952" ind1=" " ind2=" ">
    <subfield code="0">0</subfield>
    <subfield code="1">0</subfield>
    <subfield code="4">0</subfield>
    <subfield code="7">0</subfield>
    <subfield code="8">NFIC</subfield>
    <subfield code="a">L</subfield>
    <subfield code="b">L</subfield>
    <subfield code="d">2014-06-10</subfield>
    <subfield code="e">&#x913;&#x936;&#x928; &#x92C;&#x941;&#x915;/&#x92C;&#x93F;&#x932; &#x928;. 19444/12.3.14/118/12.3.14/24.3.14</subfield>
    <subfield code="g">200.00</subfield>
    <subfield code="l">3</subfield>
    <subfield code="o">920 &#x92D;&#x932;&#x94D;&#x932;&#x93E;&#x92A;&#x94D;&#x930;</subfield>
    <subfield code="p">B-533185</subfield>
    <subfield code="r">2019-11-23 00:00:00</subfield>
    <subfield code="s">2019-11-08</subfield>
    <subfield code="t">1</subfield>
    <subfield code="v">200.00</subfield>
    <subfield code="y">HN</subfield>
  </datafield>
  <datafield tag="952" ind1=" " ind2=" ">
    <subfield code="0">0</subfield>
    <subfield code="1">0</subfield>
    <subfield code="4">0</subfield>
    <subfield code="7">0</subfield>
    <subfield code="8">NFIC</subfield>
    <subfield code="a">ZLS</subfield>
    <subfield code="b">ZLS</subfield>
    <subfield code="d">2014-06-10</subfield>
    <subfield code="e">&#x913;&#x936;&#x928; &#x92C;&#x941;&#x915;/&#x92C;&#x93F;&#x932; &#x928;. 19444/12.3.14/118/12.3.14/24.3.14</subfield>
    <subfield code="g">200.00</subfield>
    <subfield code="l">0</subfield>
    <subfield code="o">920 &#x92D;&#x932;&#x94D;&#x932;&#x93E;&#x92A;&#x94D;&#x930;</subfield>
    <subfield code="p">B-533186</subfield>
    <subfield code="r">2014-06-10 00:00:00</subfield>
    <subfield code="t">1</subfield>
    <subfield code="v">200.00</subfield>
    <subfield code="y">HN</subfield>
  </datafield>
  <datafield tag="952" ind1=" " ind2=" ">
    <subfield code="0">0</subfield>
    <subfield code="1">0</subfield>
    <subfield code="4">0</subfield>
    <subfield code="7">1</subfield>
    <subfield code="8">NFIC</subfield>
    <subfield code="a">DBAD</subfield>
    <subfield code="b">DBAD</subfield>
    <subfield code="d">2015-04-13</subfield>
    <subfield code="e">DBAD / PUB</subfield>
    <subfield code="g">200.00</subfield>
    <subfield code="l">0</subfield>
    <subfield code="o">920 &#x92D;&#x932;&#x94D;&#x932;&#x93E;&#x92A;&#x94D;&#x930;</subfield>
    <subfield code="p">HN-77728</subfield>
    <subfield code="r">2015-04-13 00:00:00</subfield>
    <subfield code="t">1</subfield>
    <subfield code="v">200.00</subfield>
    <subfield code="w">2015-04-13</subfield>
    <subfield code="y">HN</subfield>
  </datafield>
  <datafield tag="952" ind1=" " ind2=" ">
    <subfield code="0">0</subfield>
    <subfield code="1">0</subfield>
    <subfield code="4">0</subfield>
    <subfield code="7">0</subfield>
    <subfield code="8">NFIC</subfield>
    <subfield code="a">AV</subfield>
    <subfield code="b">AV</subfield>
    <subfield code="d">2018-02-28</subfield>
    <subfield code="e">&#x913;&#x936;&#x93F;&#x92F;&#x928; &#x92C;&#x941;&#x915;&#x94D;&#x938;/19703/4.3.17/510/16.2.17/18.3.17</subfield>
    <subfield code="g">250.00</subfield>
    <subfield code="l">1</subfield>
    <subfield code="o">920 &#x92D;&#x932;&#x94D;&#x932;&#x93E;&#x92A;&#x94D;&#x930;</subfield>
    <subfield code="p">B-668665</subfield>
    <subfield code="r">2019-02-27 00:00:00</subfield>
    <subfield code="s">2019-02-21</subfield>
    <subfield code="t">1</subfield>
    <subfield code="v">250.00</subfield>
    <subfield code="w">2018-02-28</subfield>
    <subfield code="y">HN</subfield>
  </datafield>
</record>
